[Event "CSR-ch int"]
[Site "Luhacovice"]
[Date "1971.??.??"]
[Round "4"]
[White "Smejkal, Jan"]
[Black "Hort, Vlastimil"]
[Result "0-1"]
[WhiteElo "2515"]
[BlackElo "2605"]
[PlyCount "76"]
[EventDate "1971.04.??"]
[Source "ChessBase"]

1. d4 Nf6 2. c4 e6 3. Nc3 Bb4 4. e3 b6 5. Nge2 Ba6 6. Ng3 h5 7. Bd3 h4 8. Nge2 Bb7 9. O-O h3 10. g3 Bf3 11. Qc2 Nc6 12. a3 Bxc3 13. Nxc3 O-O 14. Re1 Bg2 15. Bf1 Bxf1 16. Rxf1 d5 17. cxd5 exd5 18. Qf5 Qc8 19. Qxc8 Raxc8 20. b4 Ne7 21. f3 Ne8 22. e4 Nd6 23. Bf4 Nc4 24. Rfc1 c6 25. b5 Rfd8 26. bxc6 Rxc6 27. Nb5 Rd7 28. e5 Ng6 29. Kf2 f6 30. a4 a6 31. Na3 fxe5 32. Bxe5 Ngxe5 33. dxe5 Nxe5 34. Rxc6 Nxc6 35. Rb1 Ne5 36. Rxb6 d4 37. Nb1 Rc7 38. Rb2 Nd3+ 0-1

[Event "Superliga team"]
[Site "?"]
[Date "2002.??.??"]
[Round "4"]
[White "Dumitrache Dragos-Nicolae"]
[Black "Nisipeanu Liviu-Dieter"]
[Result "1/2-1/2"]
[WhiteElo "2506"]
[BlackElo "2608"]
[PlyCount "50"]
[EventDate "2002.??.??"]
[Source "www.chesslib.no"]
[SourceDate "2004.05.04"]

1. d4 Nf6 2. c4 e6 3. Nc3 Bb4 4. e3 b6 5. Nge2 Ba6 6. a3 Be7 7. Nf4 d5 8. cxd5 Bxf1 9. Kxf1 Nxd5 10. Ncxd5 exd5 11. Qh5 Bg5 12. Ne6 g6 13. Qxg5 fxe6 14. Qxd8+ Kxd8 15. Ke2 a5 16. a4 Kd7 17. h4 h5 18. Bd2 Nc6 19. f3 Rh7 20. Bc3 Nd8 21. e4 Nf7 22. exd5 exd5 23. Rae1 Re8+ 24. Kd3 Rxe1 25. Rxe1 Nd8 1/2-1/2

[Event "Bergraser Memorial-GM"]
[Site "Bergraser Memorial-GM"]
[Date "1990.??.??"]
[Round "?"]
[White "Anton, Volker-Michael"]
[Black "Smit, Dick"]
[Result "1/2-1/2"]
[WhiteElo "2610"]
[BlackElo "2500"]
[PlyCount "58"]
[EventDate "1990.??.??"]
[Source "www.chesslib.no"]
[SourceDate "2004.05.04"]

1. d4 Nf6 2. c4 e6 3. Nc3 Bb4 4. e3 b6 5. Nge2 Ba6 6. Ng3 O-O 7. e4 Nc6 8. Bd3 e5 9. d5 Na5 10. Qe2 Bxc3+ 11. bxc3 Ne8 12. f4 f6 13. O-O Nd6 14. fxe5 fxe5 15. Rxf8+ Qxf8 16. Ba3 g6 17. Rf1 Qe7 18. c5 Bxd3 19. Qxd3 Ndb7 20. d6 cxd6 21. cxb6 axb6 22. Rb1 Qe6 23. Rxb6 Nc6 24. Rxb7 Rxa3 25. Rc7 Ne7 26. Qb5 Rxa2 27. Rxd7 Ra1+ 28. Nf1 Qf6 29. Qe2 Rc1 1/2-1/2

[Event "Linares Anibal op 3rd"]
[Site "Linares"]
[Date "1996.??.??"]
[Round "?"]
[White "Ortega, Lexy"]
[Black "Akopian, Vladimir"]
[Result "0-1"]
[WhiteElo "2490"]
[BlackElo "2620"]
[PlyCount "62"]
[EventDate "1996.01.??"]
[Source "ChessBase"]

1. d4 Nf6 2. c4 e6 3. Nc3 Bb4 4. e3 b6 5. Nge2 Ba6 6. a3 Bxc3+ 7. Nxc3 d5 8. g4 Bxc4 9. Bxc4 dxc4 10. e4 c5 11. d5 exd5 12. e5 Ne4 13. Nxd5 Nc6 14. O-O Nd4 15. Ne3 h5 16. Nf5 c3 17. Qd3 Nd2 18. Nd6+ Kf8 19. Bxd2 cxd2 20. f3 Qg5 21. Qe4 Rd8 22. Rad1 Kg8 23. Rf2 hxg4 24. fxg4 Rh4 25. h3 Rxh3 26. Nxf7 Rg3+ 27. Kf1 Qh4 28. Rdxd2 Qh3+ 29. Rg2 Rxg2 30. Rxg2 Kxf7 31. Qf4+ Kg8 0-1

[Event "Lausanne Master op"]
[Site "Lausanne"]
[Date "2001.05.25"]
[Round "6"]
[White "Gaprindashvili, Valerian"]
[Black "Vladimirov, Evgeny"]
[Result "0-1"]
[WhiteElo "2486"]
[BlackElo "2612"]
[PlyCount "136"]
[EventDate "2001.05.20"]
[Source "ChessBase"]
[SourceDate "2001.07.03"]

1. d4 Nf6 2. c4 e6 3. Nc3 Bb4 4. e3 b6 5. Nge2 Ba6 6. a3 Bxc3+ 7. Nxc3 d5 8. Qf3 O-O 9. cxd5 exd5 10. Bxa6 Nxa6 11. Qe2 Qc8 12. O-O c5 13. Rd1 Rd8 14. Bd2 Qb7 15. Be1 Nc7 16. f3 cxd4 17. Rxd4 Ne6 18. Rd2 d4 19. exd4 Nxd4 20. Qd1 Ne6 21. Bh4 Rxd2 22. Qxd2 Nd7 23. Rd1 Ne5 24. Qe2 Ng6 25. Be1 h6 26. Qe4 Qxe4 27. Nxe4 Rc8 28. Bc3 Ngf8 29. Kf2 Rc7 30. h4 h5 31. Rd5 Ng6 32. Rxh5 Rd7 33. g3 a6 34. Nd2 Nc5 35. Nc4 Na4 36. Ke3 Ne7 37. Rg5 Nd5+ 38. Kf2 Ndxc3 39. bxc3 b5 40. Ne3 Nxc3 41. Rc5 Rd2+ 42. Kf1 Ne2 43. Ke1 Ra2 44. Nc2 Nxg3 45. Kd2 Rb2 46. Kc3 Rb1 47. Rc8+ Kh7 48. Ra8 Rf1 49. Nd4 Nf5 50. Rxa6 Nxd4 51. Kxd4 Rxf3 52. Kc5 Rb3 53. Ra5 Kh6 54. Rxb5 Rxa3 55. Kd6 Rh3 56. Ke7 Rxh4 57. Kxf7 Rf4+ 58. Kg8 g5 59. Rb6+ Kh5 60. Kg7 g4 61. Rh6+ Kg5 62. Rg6+ Kh4 63. Rh6+ Kg3 64. Kg6 Kf3 65. Kg5 g3 66. Ra6 Rb4 67. Ra3+ Kf2 68. Ra2+ Kg1 0-1

[Event "Manila Interzonal"]
[Site "Manila"]
[Date "1990.??.??"]
[Round "6"]
[White "Rechlis, Gad"]
[Black "Adams, Michael"]
[Result "1/2-1/2"]
[WhiteElo "2505"]
[BlackElo "2590"]
[PlyCount "59"]
[EventDate "1990.06.??"]
[Source "ChessBase"]

1. d4 Nf6 2. c4 e6 3. Nc3 Bb4 4. e3 b6 5. Nge2 Ba6 6. a3 Be7 7. Nf4 d5 8. cxd5 Bxf1 9. Kxf1 Nxd5 10. Ncxd5 exd5 11. Qh5 c6 12. Ne6 g6 13. Qe5 Bf6 14. Nxd8+ Bxe5 15. Nxc6 Nxc6 16. dxe5 Nxe5 17. Bd2 Ke7 18. Bc3 f6 19. Ke2 Ke6 20. Rhd1 Rhd8 21. Rd4 f5 22. Rad1 Rd7 23. h3 h5 24. f3 Rad8 25. h4 Nc6 26. Ra4 a5 27. g4 fxg4 28. fxg4 d4 29. Bxd4 b5 30. Rc1 1/2-1/2

[Event "Tel Aviv"]
[Site "Tel Aviv"]
[Date "1992.??.??"]
[Round "1"]
[White "Vaisser, Anatoli"]
[Black "Rechlis, Gad"]
[Result "1/2-1/2"]
[WhiteElo "2580"]
[BlackElo "2515"]
[PlyCount "84"]
[EventDate "1992.04.??"]
[Source "ChessBase"]

1. d4 Nf6 2. c4 e6 3. Nc3 Bb4 4. e3 b6 5. Nge2 Ba6 6. Ng3 Bxc3+ 7. bxc3 d5 8. Ba3 Bxc4 9. Bxc4 dxc4 10. e4 Qd7 11. O-O Qb5 12. Qc2 Nc6 13. Rfe1 O-O-O 14. Reb1 Qa5 15. Bb4 Qg5 16. Qe2 h5 17. Nf1 h4 18. f3 Nh5 19. Qxc4 Nf4 20. Rb2 Kb7 21. a4 a6 22. Ba3 f5 23. Rab1 fxe4 24. fxe4 Na5 25. Qc5 Qxc5 26. Bxc5 Nd3 27. Rxb6+ cxb6 28. Bxb6 Kc6 29. Bxa5 Rb8 30. Rd1 Nb2 31. d5+ Kd7 32. dxe6+ Kxe6 33. Rd4 Rh5 34. Bb4 Nxa4 35. Rd6+ Kf7 36. Rxa6 Nb2 37. Ra7+ Kg8 38. Rd7 Re8 39. Nd2 h3 40. gxh3 Rxh3 41. Bc5 Re5 42. Bd6 Rg5+ 1/2-1/2

[Event "03, 03"]
[Site "03, Holland 03"]
[Date "1988.??.??"]
[Round "?"]
[White "Riemersma, Liafbern"]
[Black "Timman, Jan Hein"]
[Result "0-1"]
[WhiteElo "2420"]
[BlackElo "2675"]
[PlyCount "71"]
[EventDate "1988.??.??"]
[Source "www.chesslib.no"]
[SourceDate "2004.05.04"]

1. d4 Nf6 2. c4 e6 3. Nc3 Bb4 4. e3 b6 5. Nge2 Ba6 6. Ng3 Bxc3+ 7. bxc3 d5 8. Ba3 Bxc4 9. Bxc4 dxc4 10. O-O Qd5 11. e4 Qb5 12. Qc1 Nbd7 13. e5 Nd5 14. Qg5 g6 15. Ne4 Qa5 16. Bc1 h6 17. Qh4 Ne7 18. Bg5 Nd5 19. Rfe1 Qa3 20. Bf6 Rg8 21. Qxh6 N7xf6 22. Nxf6+ Nxf6 23. exf6 O-O-O 24. Qe3 Rd5 25. Qf3 Rgd8 26. Re3 Qb2 27. Rae1 Qxa2 28. g3 Kb8 29. Re5 a5 30. Rxd5 Rxd5 31. Rxe6 fxe6 32. f7 Rf5 33. f8=Q+ Rxf8 34. Qxf8+ Ka7 35. Qc8 Qb1+ 36. Kg2 0-1

[Event "GMA-Open"]
[Site "Belgrade SCG"]
[Date "1988.??.??"]
[Round "?"]
[White "Bareev, Evgeny I"]
[Black "Wilder, Michael J"]
[Result "1/2-1/2"]
[WhiteElo "2550"]
[BlackElo "2535"]
[PlyCount "51"]
[EventDate "1988.12.??"]
[Source "www.chesslib.no"]
[SourceDate "2004.05.04"]

1. d4 Nf6 2. c4 e6 3. Nc3 Bb4 4. e3 b6 5. Nge2 Ba6 6. Ng3 O-O 7. e4 c5 8. d5 d6 9. Be2 exd5 10. exd5 Bxc3+ 11. bxc3 Re8 12. O-O Nbd7 13. Qa4 Bb7 14. Qc2 Nf8 15. Bd2 Ng6 16. Rae1 a6 17. a4 h6 18. h3 Bc8 19. f4 Bd7 20. Bd3 Rxe1 21. Rxe1 Nf8 22. Nf5 Bxf5 23. Bxf5 b5 24. cxb5 axb5 25. axb5 c4 26. Be4 1/2-1/2

[Event "Rohde Open"]
[Site "?"]
[Date "2001.??.??"]
[Round "8"]
[White "Dumitrache Dragos-Nicolae"]
[Black "Istratescu Andrei"]
[Result "0-1"]
[WhiteElo "2495"]
[BlackElo "2582"]
[PlyCount "88"]
[EventDate "2001.??.??"]
[Source "www.chesslib.no"]
[SourceDate "2004.05.04"]

1. d4 Nf6 2. c4 e6 3. Nc3 Bb4 4. e3 b6 5. Nge2 Ba6 6. a3 Be7 7. Nf4 d5 8. cxd5 Bxf1 9. Kxf1 Nxd5 10. Ncxd5 exd5 11. Qh5 Bg5 12. Ne6 g6 13. Qxg5 fxe6 14. Qe5 Kd7 15. Bd2 Nc6 16. Qg3 Kc8 17. h4 Kb7 18. h5 Qd7 19. a4 a5 20. Ke2 g5 21. Rac1 Ne7 22. b3 Nf5 23. Qe5 g4 24. Rc2 Qd6 25. Qxd6 Nxd6 26. f3 Rhg8 27. Kf2 gxf3 28. gxf3 Raf8 29. Rh2 Ne4+ 30. Ke2 Ng3+ 31. Kf2 Rf5 32. Rg2 Ne4+ 33. Kg1 Ng5 34. f4 Nf3+ 35. Kf2 Rxg2+ 36. Kxg2 Nxd2 37. Rxd2 Rxh5 38. Kg3 Rh1 39. Kg4 Re1 40. Rd3 Kc6 41. Kg5 Kd6 42. Kf6 Rg1 43. Rd2 Rg6+ 44. Kf7 Rg3 0-1

[Event "Poikovsky Karpov 3rd"]
[Site "Poikovsky"]
[Date "2002.04.21"]
[Round "6"]
[White "Obodchuk, Andrei"]
[Black "Onischuk, Alexander"]
[Result "0-1"]
[WhiteElo "2435"]
[BlackElo "2641"]
[PlyCount "66"]
[EventDate "2002.04.16"]
[Source "ChessBase"]
[SourceDate "2002.08.12"]

1. d4 Nf6 2. c4 e6 3. Nc3 Bb4 4. e3 b6 5. Nge2 Ba6 6. Ng3 h5 7. h4 Bb7 8. Bd2 Bd6 9. Nge2 c5 10. Qc2 Nc6 11. a3 cxd4 12. exd4 Rc8 13. b4 a5 14. b5 Ne7 15. Qd3 Nf5 16. Ng1 Bb8 17. Nf3 d5 18. cxd5 Nxd5 19. Be2 Nxc3 20. Bxc3 O-O 21. Bb2 Qc7 22. Rc1 Qf4 23. Rxc8 Rxc8 24. g3 Qe4 25. Kd2 Nd6 26. Qxe4 Nxe4+ 27. Ke3 Nf6 28. Bd1 Ng4+ 29. Ke2 Bd5 30. Ke1 Bd6 31. Rf1 Bxf3 32. Bxf3 Rc2 33. Ba1 Bxa3 0-1

[Event "Bad Woerishofen Open"]
[Site "Bad Woerishofen GER"]
[Date "1992.??.??"]
[Round "8"]
[White "Paehtz, Thomas sr"]
[Black "Portisch, Lajos"]
[Result "1/2-1/2"]
[WhiteElo "2495"]
[BlackElo "2575"]
[PlyCount "58"]
[EventDate "1992.03.??"]
[Source "www.chesslib.no"]
[SourceDate "2004.05.04"]

1. d4 Nf6 2. c4 e6 3. Nc3 Bb4 4. e3 b6 5. Nge2 Ba6 6. a3 Bxc3+ 7. Nxc3 d5 8. b3 O-O 9. Bb2 Nc6 10. cxd5 Bxf1 11. dxc6 Bxg2 12. Rg1 Bd5 13. Qe2 Ne8 14. e4 Bxc6 15. O-O-O Qe7 16. Kb1 Rd8 17. Ka2 f6 18. f3 Rf7 19. Rd2 Bb7 20. Qd1 c6 21. d5 cxd5 22. exd5 Bxd5 23. Nxd5 Rxd5 24. Rxd5 exd5 25. Qxd5 Qd7 26. Qc4 h6 27. a4 Kh7 28. Rd1 Qe7 29. Re1 Qd7 1/2-1/2

[Event "Mar del Plata"]
[Site "Mar del Plata"]
[Date "1957.??.??"]
[Round "?"]
[White "Lombardy, W."]
[Black "Keres, P."]
[Result "0-1"]
[WhiteElo "2450"]
[BlackElo "2620"]
[PlyCount "72"]
[EventDate "1957.??.??"]
[Source "www.chesslib.no"]
[SourceDate "2004.05.04"]

1. d4 Nf6 2. c4 e6 3. Nc3 Bb4 4. e3 b6 5. Nge2 Ba6 6. a3 Be7 7. Nf4 d5 8. cxd5 Bxf1 9. dxe6 Ba6 10. exf7+ Kxf7 11. e4 c5 12. Be3 Nc6 13. Qb3+ c4 14. Qd1 Bd6 15. e5 Nxe5 16. dxe5 Bxe5 17. Nfd5 Re8 18. Nxf6 Qxf6 19. O-O Bb7 20. Qg4 Qe6 21. Qxe6+ Rxe6 22. Rad1 Bc6 23. Bd4 Bc7 24. f3 b5 25. Rfe1 Rxe1+ 26. Rxe1 a5 27. Ne4 h6 28. Bf2 Re8 29. Bd4 b4 30. axb4 axb4 31. Bc5 Bxe4 32. Rxe4 Rxe4 33. fxe4 b3 34. Bd4 Ke6 35. Kf2 Be5 36. Ke3 c3 0-1

[Event "Madonna di Campiglio"]
[Site "Madonna di Campiglio"]
[Date "1974.??.??"]
[Round "9"]
[White "Marovic, Drazen"]
[Black "Hort, Vlastimil"]
[Result "1/2-1/2"]
[WhiteElo "2480"]
[BlackElo "2590"]
[PlyCount "30"]
[EventDate "1974.??.??"]
[Source "www.chesslib.no"]
[SourceDate "2004.05.04"]

1. d4 Nf6 2. c4 e6 3. Nc3 Bb4 4. e3 b6 5. Nge2 Ba6 6. a3 Be7 7. Nf4 d6 8. Bd3 Nbd7 9. O-O O-O 10. b3 Bb7 11. Bb2 Re8 12. Qc2 d5 13. e4 dxe4 14. Nxe4 Bd6 15. Nxd6 cxd6 1/2-1/2

[Event "Biel op MTO"]
[Site "Biel"]
[Date "1996.??.??"]
[Round "9"]
[White "Knaak, Rainer"]
[Black "Wahls, Matthias"]
[Result "1/2-1/2"]
[WhiteElo "2530"]
[BlackElo "2540"]
[PlyCount "44"]
[EventDate "1996.07.??"]
[Source "www.chesslib.no"]
[SourceDate "2004.05.04"]

1. d4 Nf6 2. c4 e6 3. Nc3 Bb4 4. e3 b6 5. Nge2 Ba6 6. Ng3 O-O 7. e4 Nc6 8. Bd3 e5 9. d5 Bxc3+ 10. bxc3 Ne7 11. h4 d6 12. h5 h6 13. Nf1 c6 14. Ne3 Kh8 15. Qe2 Rc8 16. Bd2 cxd5 17. cxd5 Bxd3 18. Qxd3 Nd7 19. a4 Nc5 20. Qc2 Qd7 21. g4 a6 22. Ke2 b5 1/2-1/2

[Event "SWE-chT 0102"]
[Site "?"]
[Date "2002.03.16"]
[Round "10"]
[White "Ernst Thomas"]
[Black "Brynell Stellan"]
[Result "1/2-1/2"]
[WhiteElo "2479"]
[BlackElo "2588"]
[PlyCount "90"]
[EventDate "2002.??.??"]
[Source "www.chesslib.no"]
[SourceDate "2004.05.04"]

1. d4 e6 2. c4 Nf6 3. Nc3 Bb4 4. e3 b6 5. Nge2 Ba6 6. Ng3 O-O 7. Bd3 d5 8. cxd5 Bxd3 9. Qxd3 exd5 10. a3 Bxc3+ 11. bxc3 c5 12. O-O Nc6 13. Bb2 Na5 14. Rae1 Rc8 15. f3 cxd4 16. cxd4 Qc7 17. e4 Qc2 18. Qxc2 Rxc2 19. Rf2 Rfc8 20. e5 Ne8 21. Nf5 Rxf2 22. Kxf2 Rc7 23. Bc1 Nc4 24. a4 Rd7 25. Ke2 Nc7 26. Kd3 Ne6 27. g3 Rb7 28. Nd6 Rd7 29. Nb5 h5 30. h4 Kh7 31. g4 Kg6 32. Nc3 Rd8 33. Rf1 f5 34. exf6 gxf6 35. Re1 Kf7 36. g5 fxg5 37. hxg5 Rd6 38. f4 Ng7 39. Nxd5 Na5 40. Ne3 Nb3 41. Nc4 Nc5+ 42. Kc3 Nxa4+ 43. Kd3 Nc5+ 44. Kc3 Na4+ 45. Kd3 Nc5+ 1/2-1/2

[Event "EU-chT (Men)"]
[Site "Skara"]
[Date "1980.??.??"]
[Round "3"]
[White "Petrosian, Tigran V"]
[Black "Schneider, Lars Ake"]
[Result "1/2-1/2"]
[WhiteElo "2615"]
[BlackElo "2450"]
[PlyCount "52"]
[EventDate "1980.01.??"]
[Source "ChessBase"]

1. d4 Nf6 2. c4 e6 3. Nc3 Bb4 4. e3 b6 5. Nge2 Ba6 6. Ng3 O-O 7. e4 Nc6 8. Bd3 e5 9. d5 Bxc3+ 10. bxc3 Ne7 11. O-O d6 12. Bg5 Nd7 13. Qg4 f6 14. Be3 Nc5 15. Bxc5 bxc5 16. Rfb1 Qc8 17. Qd1 Qd7 18. Qb3 Ng6 19. Nf5 Nf4 20. Bf1 g6 21. Ne3 f5 22. Qc2 Nh5 23. exf5 gxf5 24. Be2 Nf4 25. Bf1 Nh5 26. Be2 Nf4 1/2-1/2

[Event "Baden_Baden"]
[Site "?"]
[Date "1992.??.??"]
[Round "?"]
[White "Knaak, R."]
[Black "Wahls, M."]
[Result "1-0"]
[WhiteElo "2525"]
[BlackElo "2540"]
[PlyCount "111"]
[EventDate "1992.??.??"]
[Source "ChessBase"]
[SourceDate "1992.10.01"]

1. d4 Nf6 2. c4 e6 3. Nc3 Bb4 4. e3 b6 5. Nge2 Ba6 6. Ng3 Bxc3+ 7. bxc3 d5 8. Qf3 O-O 9. cxd5 Qxd5 10. e4 Qa5 11. Bxa6 Qxa6 12. Bg5 Nbd7 13. Qe2 Qxe2+ 14. Kxe2 c5 15. a4 Rfc8 16. Rhc1 Kf8 17. f3 Ne8 18. Bf4 cxd4 19. cxd4 Ke7 20. Nf1 Kd8 21. Rcb1 Rc4 22. Kd3 Rac8 23. a5 Rc2 24. Bd2 Nd6 25. axb6 axb6 26. Ne3 R2c7 27. Rb4 Ke8 28. e5 Nb7 29. Nc4 Rd8 30. Ke3 Rc6 31. Rab1 Na5 32. Nd6+ Kf8 33. Ra4 Ra8 34. Bxa5 bxa5 35. Nc4 Rac8 36. Kd3 Rd8 37. Rxa5 Nc5+ 38. Kc3 Na6 39. Kd3 Nc5+ 40. Kc3 Na6 41. Rb6 Rdc8 42. Rxc6 Rxc6 43. Rb5 f6 44. Kd3 Kf7 45. f4 Nc7 46. Rb7 Kg6 47. Na5 Rc1 48. Nb3 Rc6 49. Nc5 Kf5 50. g3 h5 51. h3 Kg6 52. Ke4 f5+ 53. Kf3 Na6 54. Nxe6 Rxe6 55. d5 Nc5 56. Rb5 1-0

[Event "Corr DDR"]
[Site "?"]
[Date "1986.??.??"]
[Round "?"]
[White "Knaak, Rainer F A"]
[Black "Adorjan, Andras"]
[Result "1-0"]
[WhiteElo "2510"]
[BlackElo "2555"]
[PlyCount "45"]
[EventDate "1986.??.??"]
[Source "www.chesslib.no"]
[SourceDate "2004.05.04"]

1. d4 Nf6 2. c4 e6 3. Nc3 Bb4 4. e3 b6 5. Nge2 Ba6 6. Ng3 O-O 7. e4 Nc6 8. Bd3 Na5 9. Bg5 h6 10. h4 d6 11. Nh5 hxg5 12. hxg5 Nxe4 13. Bxe4 Qxg5 14. f4 Qh6 15. Qf3 d5 16. Bh7+ Kh8 17. Bc2 Kg8 18. Nf6+ Qxf6 19. Bh7+ Kh8 20. Bg6+ Kg8 21. Rh8+ Kxh8 22. Qh5+ Kg8 23. Qh7# 1-0

[Event "Kiev"]
[Site "Kiev UKR"]
[Date "1978.??.??"]
[Round "11"]
[White "Kuzmin, Gennadi P"]
[Black "Ree, Hans"]
[Result "1-0"]
[WhiteElo "2560"]
[BlackElo "2500"]
[PlyCount "61"]
[EventDate "1978.??.??"]
[Source "www.chesslib.no"]
[SourceDate "2004.05.04"]

1. d4 Nf6 2. c4 e6 3. Nc3 Bb4 4. e3 b6 5. Nge2 Ba6 6. a3 Bxc3+ 7. Nxc3 d5 8. b3 O-O 9. Be2 Nc6 10. a4 dxc4 11. Ba3 Re8 12. bxc4 Na5 13. Nb5 c6 14. Nd6 Re7 15. e4 Rd7 16. e5 Ne8 17. Qc2 Nb7 18. Ne4 Rxd4 19. Bb2 Rd7 20. Ra3 Nc5 21. Rh3 Nxe4 22. Qxe4 g6 23. Qf4 c5 24. Qh6 f5 25. exf6 Nxf6 26. O-O Bb7 27. Qf4 Ne8 28. Bg4 Qe7 29. Re1 Ng7 30. Bxg7 Kxg7 31. Qe5+ 1-0

[Event "Hoogovens"]
[Site "Wijk aan Zee"]
[Date "1971.??.??"]
[Round "11"]
[White "Najdorf, Miguel"]
[Black "Donner, Jan Hein"]
[Result "1/2-1/2"]
[WhiteElo "2560"]
[BlackElo "2500"]
[PlyCount "101"]
[EventDate "1971.01.??"]
[Source "ChessBase"]

1. d4 Nf6 2. c4 e6 3. Nc3 Bb4 4. e3 b6 5. Nge2 Ba6 6. Ng3 Bxc3+ 7. bxc3 d5 8. Ba3 dxc4 9. e4 Qd7 10. Be2 Nc6 11. O-O O-O-O 12. Qc2 h5 13. Rfd1 h4 14. Nf1 Na5 15. Bb4 Qc6 16. f3 Nh5 17. Ne3 Nf4 18. Bf1 Rh5 19. Qd2 Nd3 20. d5 Qa4 21. Kh1 Nb7 22. Bxd3 cxd3 23. c4 c5 24. dxc6 Qxc6 25. Qc3 h3 26. g4 Rhh8 27. Rxd3 Rxd3 28. Qxd3 Rd8 29. Qa3 Bxc4 30. Rc1 Kb8 31. Be1 b5 32. Nxc4 bxc4 33. Bg3+ Ka8 34. Bf2 a6 35. Qe3 Kb8 36. Qf4+ Ka8 37. Qe3 Kb8 38. Qf4+ Kc8 39. Qxf7 c3 40. Kg1 c2 41. Be3 Rd1+ 42. Kf2 Rxc1 43. Bxc1 Qc5+ 44. Ke2 Nd8 45. Qxg7 e5 46. Qf6 Nc6 47. Qe6+ Kc7 48. Qf7+ Kb6 49. Qb3+ Kc7 50. Qf7+ Kb6 51. Qb3+ 1/2-1/2

[Event "ch-BG"]
[Site "Sofia ch-BG"]
[Date "1989.??.??"]
[Round "8"]
[White "Georgiev, Kiril D"]
[Black "Inkiov, Ventzislav V"]
[Result "1/2-1/2"]
[WhiteElo "2590"]
[BlackElo "2470"]
[PlyCount "38"]
[EventDate "1989.??.??"]
[Source "www.chesslib.no"]
[SourceDate "2004.05.04"]

1. c4 Nf6 2. Nc3 e6 3. d4 Bb4 4. e3 b6 5. Nge2 Ba6 6. a3 Be7 7. Nf4 d5 8. cxd5 Bxf1 9. Kxf1 Nxd5 10. Ncxd5 exd5 11. Qh5 Bg5 12. e4 Bxf4 13. Bxf4 Nc6 14. Rc1 Ne7 15. Bxc7 Qd7 16. exd5 O-O 17. d6 Nf5 18. h4 Rac8 19. Rd1 Rfe8 1/2-1/2

[Event "Sao Paulo"]
[Site "Sao Paulo"]
[Date "1978.??.??"]
[Round "2"]
[White "Najdorf, Miguel"]
[Black "Evans, Larry Melvyn"]
[Result "1/2-1/2"]
[WhiteElo "2525"]
[BlackElo "2530"]
[PlyCount "85"]
[EventDate "1978.05.??"]
[Source "ChessBase"]

1. d4 Nf6 2. c4 e6 3. Nc3 Bb4 4. e3 b6 5. Nge2 Ba6 6. a3 Bxc3+ 7. Nxc3 d5 8. b4 Bxc4 9. Bxc4 dxc4 10. Qe2 c5 11. dxc5 bxc5 12. Qxc4 Nbd7 13. O-O O-O 14. bxc5 Qa5 15. Na4 Rab8 16. Ra2 Ne5 17. Qc2 Rfc8 18. Rb2 Ra8 19. Rb4 Nd5 20. Rh4 Ng6 21. Rc4 Rc6 22. e4 Nc7 23. f4 Rf8 24. Be3 Qa6 25. Nb2 Qxa3 26. Nd3 Rd8 27. Rc3 Qa5 28. f5 exf5 29. exf5 Nd5 30. Bd2 Nf8 31. Rc4 Qc7 32. Nf4 Nf6 33. h3 h6 34. Be3 N8d7 35. Rd1 Rc8 36. Kh1 a5 37. Nd5 Nxd5 38. Rxd5 Nf6 39. Rd1 Nh5 40. Kg1 Re8 41. Re4 Rxe4 42. Qxe4 Rxc5 43. Bxc5 1/2-1/2

[Event "Mitropa Cup"]
[Site "Leipzig"]
[Date "2002.05.07"]
[Round "5.2"]
[White "Graf, Alexander"]
[Black "Cvek, Robert"]
[Result "1-0"]
[WhiteElo "2623"]
[BlackElo "2430"]
[PlyCount "77"]
[EventDate "2002.05.03"]
[Source "ChessBase"]
[SourceDate "2002.08.12"]

1. d4 Nf6 2. c4 e6 3. Nc3 Bb4 4. e3 b6 5. Nge2 Ba6 6. Ng3 Bxc3+ 7. bxc3 d5 8. Ba3 dxc4 9. e4 Qd7 10. Be2 Nc6 11. O-O O-O-O 12. Qc2 h5 13. Rfd1 Ne7 14. Bc1 Rdg8 15. Nf1 g5 16. Ne3 Bb7 17. f3 g4 18. Nxc4 Qe8 19. Rf1 h4 20. Bd3 gxf3 21. Rxf3 Nh5 22. Ba3 f5 23. Re1 Nf6 24. Nd2 Rg7 25. Re2 Kb8 26. exf5 Bxf3 27. Nxf3 Ned5 28. Rxe6 Qh5 29. Ne5 Nf4 30. Rxf6 Rxg2+ 31. Qxg2 Nxg2 32. Kxg2 Qd1 33. Kh3 Qd2 34. Rf8+ Rxf8 35. Bxf8 Qxc3 36. f6 Kb7 37. f7 Qxd4 38. Bg7 Qe3+ 39. Kxh4 1-0

[Event "New York op"]
[Site "New York"]
[Date "1997.??.??"]
[Round "4"]
[White "Ibragimov, Ildar"]
[Black "Sevillano, Enrico"]
[Result "1-0"]
[WhiteElo "2555"]
[BlackElo "2490"]
[PlyCount "116"]
[EventDate "1997.04.02"]
[Source "www.chesslib.no"]
[SourceDate "2004.05.04"]

1. d4 Nf6 2. c4 e6 3. Nc3 Bb4 4. e3 b6 5. Nge2 Ba6 6. a3 Be7 7. Nf4 d5 8. Qb3 c6 9. cxd5 Nxd5 10. Bxa6 Nxa6 11. Qc4 Qc8 12. e4 Nxc3 13. bxc3 O-O 14. O-O Rd8 15. Be3 c5 16. d5 Nc7 17. dxe6 fxe6 18. Rfd1 Kf7 19. Qe2 Qb7 20. f3 Qa6 21. Nd3 Kg8 22. Qc2 Ne8 23. a4 Bf6 24. e5 Be7 25. c4 Qb7 26. Nf2 Rxd1+ 27. Rxd1 Rd8 28. Rxd8 Bxd8 29. Qd3 Be7 30. Ne4 Qc6 31. Bg5 Bf8 32. Nc3 Qc7 33. f4 a6 34. Qd8 Kf7 35. Kf2 h6 36. Bh4 Qc6 37. g4 g6 38. Bf6 Qc7 39. g5 h5 40. Ke3 Qc6 41. Qd1 Qb7 42. h3 Qc6 43. h4 Qb7 44. f5 exf5 45. Qd5+ Qxd5 46. cxd5 Ng7 47. Bd8 f4+ 48. Kxf4 Nf5 49. Ne4 c4 50. e6+ Ke8 51. Bc7 Be7 52. d6 b5 53. axb5 axb5 54. Nf6+ Kf8 55. dxe7+ Kxe7 56. Ke5 c3 57. Bd6+ Kd8 58. Nd5 c2 1-0

[Event "Reykjavik"]
[Site "Reykjavik"]
[Date "1992.??.??"]
[Round "7"]
[White "Thorsteins, Karl"]
[Black "Kotronias, Vasilios"]
[Result "0-1"]
[WhiteElo "2485"]
[BlackElo "2560"]
[PlyCount "84"]
[EventDate "1992.03.??"]
[Source "ChessBase"]

1. d4 Nf6 2. c4 e6 3. Nc3 Bb4 4. e3 b6 5. Nge2 Ba6 6. Ng3 Bxc3+ 7. bxc3 d5 8. Ba3 Bxc4 9. Bxc4 dxc4 10. Qa4+ Qd7 11. Qxc4 Qc6 12. Qxc6+ Nxc6 13. c4 O-O-O 14. Ke2 Kb7 15. f3 Rd7 16. Rhd1 Rhd8 17. Rac1 a6 18. Nf1 h5 19. Nd2 Ng8 20. Ne4 Nh6 21. Rb1 Ka7 22. d5 exd5 23. cxd5 Rxd5 24. Rdc1 Kb7 25. Nc5+ Kc8 26. Nxa6 Ra5 27. Rxc6 Rxa6 28. Rb3 Kb7 29. Rbc3 Rxa3 30. Rxc7+ Kb8 31. Rxa3 Kxc7 32. e4 Kb7 33. Rb3 Ra8 34. a3 f6 35. Ke3 Nf7 36. Kf4 Ra5 37. h4 Ne5 38. g4 hxg4 39. fxg4 g5+ 40. Kf5 Nd7+ 41. Ke6 Nc5+ 42. Kxf6 Nxb3 0-1

[Event "Biel Interzonal"]
[Site "Biel"]
[Date "1976.??.??"]
[Round "7"]
[White "Lombard, Andre"]
[Black "Larsen, Bent"]
[Result "0-1"]
[WhiteElo "2420"]
[BlackElo "2625"]
[PlyCount "80"]
[EventDate "1976.08.??"]
[Source "ChessBase"]

1. d4 Nf6 2. c4 e6 3. Nc3 Bb4 4. e3 b6 5. Nge2 Ba6 6. Ng3 Bxc3+ 7. bxc3 d5 8. Qf3 O-O 9. cxd5 Qxd5 10. e4 Qb7 11. Be2 Bxe2 12. Qxe2 c5 13. O-O Qa6 14. Qxa6 Nxa6 15. Ba3 Rfc8 16. Rac1 Rc7 17. Rfd1 h6 18. Kf1 Rac8 19. e5 Nd5 20. c4 Ndb4 21. d5 Nxa2 22. Rc2 N2b4 23. Rcd2 Re7 24. f4 Rf8 25. Re1 Rd7 26. Red1 Rfd8 27. Bxb4 cxb4 28. Ne4 Nc5 29. Nxc5 bxc5 30. dxe6 Rxd2 31. Rxd2 Re8 32. Rd7 fxe6 33. Rxa7 Rf8 34. g3 g5 35. Ra5 Rb8 36. Ke2 gxf4 37. gxf4 b3 38. Ra1 Kf7 39. Kd2 b2 40. Rb1 Kg6 0-1